02831nam a2200529 i 450000100060000000300080000600500170001400600190003100700150005000800410006502000180010603500220012404000310014604300120017705000220018908000150021108200150022624501470024126400530038830000570044133600310049833700330052933800430056249000390060550400420064450506460068658800830133260000500141560000500146565000410151565000440155665000470160065000760164765000330172365000470175665000440180365000550184765000380190265000320194065100440197265100450201665500270206170000400208870000490212883000610217785600630223858528FINmELB20241216233022.0m o u cr cn|||||||||210330s2017 ck b ob 000 0 spa d z9789588869636 a(OCoLC)1198286162 aFINmELBbspaerdacFINmELB acl----- 4aJL966b.E884 2017 a321.7(7/8)04a320.9822300aEstética del poder en América Latina /cWilliam Cerón Gonsález (compilador) ; autores, José Fernando Saldariaga Montoya [y otros 8]. 1aMedellín, Colombia :bEdiciones Unaula,c2017. a1 recurso en línea (153 páginas) :bmapa a color atextobtxt2rdacontent/spa acomputadorabc2rdamedia/spa arecurso en líneabcr2rdacarrier/spa1 aLibro resultado de investigación aIncluye referencias bibliográficas.0 aGlauber Rocha : dios y el diablo coinciden en la misma mesa / José Fernando Saldarriaga -- Dictadura, derecho y literatura / Armando Estrada Villa -- Comisiones de la verdad : perspectivas continentales para pensar el caso Colombiano / Mauricio Montoya Vásquez, Juan Manuel Serrano Gómez, Alonson Campos Zevallos -- Problemática minera y ambiental en la península de la Guajira Colombiana : el caso de la comunidad Wayuu / William Cerón Gonsález, Sussi Martelo, Natalia Gutiérrez -- Los principios de jurisdicción universal y complementariedad : mínimos en un acuerdo de justicia de paz / Yhony Alexander Osorio Valencia. aDescripción basada en metadatos suministrados por el editor y otras fuentes.14aRocha, GlauberxCrítica e interpretación.10aRocha, GlauberxCriticism and interpretation. 0aPolitics and culturezLatin America. 4aPolítica y culturayAmérica Latina. 4aPolítica y literaturayAmérica Latina. 4aPelículas cinematográficasxAspectos políticosyAmérica Latina. 4aDerecho penal internacional. 4aComisiones de la verdadyAmérica Latina. 0aPolitics and literaturezLatin America. 0aMotion picturesxPolitical aspectszLatin America. 0aTruth commissionszLatin America. 0aInternational criminal law. 0aLatin AmericaxPolitics and government. 4aAmérica LatinaxPolítica y gobierno. 4aLibros electrónicos.1 aCerón Gonsalez, William,eeditor.1 aSaldariaga Montoya, José Fernando,eautor. 0aLibros resultado de investigación (Medellin, Colombia)40uhttps://elibro.net/ereader/politecnicointernacional/164582